000 00907nam a2200133 4500
008 707 AY989c
082 _a707
_bAY989c
100 _aEl Matadero
_97057
245 _aCentro de Residencias Artísticas
260 _aMadrid
_bMatadero Madrid
_c2018
300 _a32 p.
_bil. (col)
_c21 x 14,8 cm
505 _tEspacios de trabajo para agentes de la ciudad
_tPrograma de residencias artísticas de Matadero Madrid -AECID
_tPrograma de residentes de investigación colaborativa
_tGrupo de educación
_tGrupo de estudio de ecologías
_tEspacio AfroConciencias
_tPrograma de residencias de creadores en escuelas de Levadura
_tPrograma piloto de residencias musicales
_tResidencias de pensamiento
_tArchivo de creadores
_tActividades educativas para todos los públicos
_tEspacio de aventuras Ciudad Diwo
_tArte Mayor
_tComité adolescente
_tAprendanza
650 _xarte contemporáneo
_xresidencias artísticas
_xMatadero Madrid
_97058
999 _c1795
_d1795